[Event "C.to Regionale Piemonte"]
[Site "Torino ITA"]
[Date "2003.04.??"]
[Round "7"]
[White "Moncelli, Giorgio"]
[Black "Ragni, Paolo"]
[Result "1-0"]
[WhiteElo "2148"]
[BlackElo "2049"]
[PlyCount "75"]
[EventDate "2003.04.30"]

1. e4 d6 2. d4 Nf6 3. Bd3 e5 4. c3 g6 5. Nf3 Nbd7 6. O-O Bg7 7. Re1 O-O 8. Nbd2
Re8 9. dxe5 Nxe5 10. Nxe5 dxe5 11. Qc2 Bd7 12. a4 Nh5 13. Nc4 Qf6 14. Be3 Nf4
15. Bf1 b6 16. a5 Bc6 17. Red1 Bf8 18. b4 h5 19. g3 g5 20. f3 Ne6 21. Be2 Bg7
22. Bf2 Qg6 23. Ne3 g4 24. Nf5 Ng5 25. h4 gxf3 26. Bd3 Ne6 27. axb6 cxb6 28.
Kh2 Kh7 29. Bf1 Nf4 30. Rd6 Re6 31. Rxc6 Rxc6 32. Ne7 Qd6 33. Nxc6 Qxc6 34.
gxf4 exf4 35. e5+ Kg8 36. Bd4 a5 37. Bd3 axb4 38. Be4 1-0

[Event "C.to Regionale Piemonte"]
[Site "Torino ITA"]
[Date "2003.04.??"]
[Round "7"]
[White "Rotundo, Raffaele"]
[Black "Berutti, Mario"]
[Result "1-0"]
[WhiteElo "1807"]
[BlackElo "1711"]
[PlyCount "81"]
[EventDate "2003.04.30"]

1. e4 e5 2. Nf3 Nf6 3. Nxe5 d6 4. Nf3 Nxe4 5. d4 d5 6. Bd3 Bd6 7. O-O O-O 8. c4
c6 9. Nc3 Nxc3 10. bxc3 Bg4 11. cxd5 cxd5 12. h3 Bh5 13. Rb1 b6 14. Rb5 Bc7 15.
c4 Qd6 16. g4 Bg6 17. Rxd5 Qf6 18. Bg5 Qc6 19. Ne5 Bxe5 20. dxe5 Na6 21. Rd6
Qc7 22. Bxg6 fxg6 23. Qd5+ Kh8 24. Rd7 Qc5 25. e6 Rae8 26. e7 Rg8 27. Rd1 h6
28. Be3 Qa3 29. Bf4 Qxh3 30. Rd8 Qxg4+ 31. Bg3 Nc7 32. Qe5 Ne6 33. R8d7 Ng5 34.
Qd5 h5 35. Kf1 h4 36. Bc7 Qh3+ 37. Qg2 Qf5 38. R7d5 h3 39. Qg3 Ne4 40. Qh4+ Qh5
41. Rxh5+ 1-0

[Event "C.to Regionale Piemonte"]
[Site "Torino ITA"]
[Date "2003.04.??"]
[Round "7"]
[White "Sorcinelli, Francesco"]
[Black "Racioppo, Paolo"]
[Result "1/2-1/2"]
[WhiteElo "1962"]
[BlackElo "2206"]
[PlyCount "58"]
[EventDate "2003.04.30"]

1. d4 f5 2. g4 fxg4 3. Bf4 d5 4. Nc3 Nf6 5. h3 Bf5 6. hxg4 Nxg4 7. f3 Nf6 8. e4
dxe4 9. fxe4 Nxe4 10. Nxe4 Bxe4 11. Qh5+ g6 12. Qe5 Bxh1 13. Qxh8 Qd5 14. O-O-O
Nd7 15. Bxc7 Rc8 16. Be5 Qxa2 17. Bd3 Qa1+ 18. Kd2 Qxb2 19. Qxh7 Nxe5 20. dxe5
Qb4+ 21. Ke2 Qg4+ 22. Ke1 Qxg1+ 23. Kd2 Qg5+ 24. Ke1 Qxe5+ 25. Kf2 Qf4+ 26. Ke1
Be4 27. Bb5+ Bc6 28. Qxg6+ Qf7 29. Rd8+ Rxd8 1/2-1/2